Autosport top 50 2023 - Statistics

General Stats
  • This quiz has been taken 19 times
  • The average score is 12 of 50
Answer Stats
Hint Answer % Correct
6 F1 Lewis Hamilton
94%
1 F1 Max Verstappen
94%
14 F1 Charles Leclerc
88%
15 F1 Carlos Sainz
82%
3 F1 Lando Norris
82%
21 F1 George Russell
76%
10 F1 Alex Albon
71%
5 F1 Fernando Alonso
71%
26 F1 Oscar Piastri
71%
50 F1 Sergio Perez
65%
44 F1 Nico Hulkenberg
53%
2 Indycar Alex Palou
35%
18 Indycar Scott Dixon
35%
22 WEC Kamui Kobayashi
29%
30 WRC Sebastien Ogier
29%
13 Indycar Josef Newgarden
24%
29 F1, Super Formula Liam Lawson
24%
43 Formula E Pascal Wehrlein
24%
37 WRC Elfyn Evans
18%
38 NASCAR Kyle Larson
18%
17 Formula E Mitch Evans
18%
31 Indycar Scott Mclaughlin
18%
16 WEC Brandon Hartley
12%
9 Formula E Jake Dennis
12%
4 WRC Kalle Rovanpera
12%
24 WRC Ott Tanak
12%
7 WEC Antonio Fuocco
6%
40 F2 Frederik Vesti
6%
45 WRC, Extreme E Johan Kristoffersson
6%
19 WEC Laurens Vanthoor
6%
25 WEC, IMSA Matt Campbell
6%
8 Formula E Nick Cassidy
6%
11 Super Formula Ritomo Miyata
6%
41 IMSA Sebastien Bourdais
6%
20 Supercars Shane van Gisbergen
6%
48 WRC Thierry Neuville
6%
39 DTM Thomas Preining
6%
12 NASCAR William Byron
6%
36 BTCC Ash Sutton
0%
28 Supercars Brodie Kostecki
0%
27 WEC, IMSA Filipe Albuquerque
0%
42 F3 Gabriel Borteleto
0%
46 IMSA Jack Hawksworth
0%
33 WEC James Calado
0%
35 GT Jules Gounon
0%
49 GT Nicky Catsburg
0%
34 GT Raffaele Marciello
0%
23 NASCAR Ryan Blaney
0%
32 IMSA Tom Blomqvist
0%
47 Super Formula Tomoki Nojiri
0%
No matching quizzes found
Score Distribution
Percent of People with Each Score
Percentile by Number Answered
Your Score History
You have not taken this quiz